000 00577nam a22001577a 4500
999 _c61170
_d61170
005 20231226172422.0
008 231226s1918 ru ||||| |||| 00| 0 rus d
041 _arus
080 _a573.51 P-82
100 _aРубакин, Н.А.
_920903
245 _aКак, когда и почему появились люди на земле? :
_bc с рисунками /
_c Н.А. Рубакин,
264 _aПетроград,
_c1918.
300 _a72 с. :
_bил.;
_c22 см.
653 _aადამიანის წარმოშობა
942 _2udc
_cᲬᲘᲒᲜᲘ